000 01237nam0a22003371 4500
001 v19\rc\1987843
005 20251118181345.9
035 _a(NLR Aleph) 005084118
090 _a7227946
_c7227946
100 _a20080811d1915 u y0rusy50 ca
101 1 _arus
_cfre
102 _aRU
105 _aa z |||||
200 1 _aТеории и символы алхимиков
_dTheories et Symboles des alchimistes
_eВеликое делание
_fАльберт Пуассон Albert Poisson
_gПер. под ред. А.В. Трояновского
_zfre
210 _aПетроград
_cЖурн. "Изида"
_d[1915]
215 _a116 с.
_cил.
510 1 _aTheories et Symboles des alchimistes
_zfre
700 1 _7ca
_8rus
_aПуассон
_bА.
_f1868-1894
_gАльберт
_9244388
_3RU\NLR\AUTH\770244444
702 1 _aТрояновский
_bА. В.
_gАлександр Валерьянович
_4340
801 0 _aRU
_bNLR
_gpsbo
801 0 _aRU
_bRuMoRGB
_2psbo
801 1 _aRU
_bProSoft-M
_2rusmarc
852 _aNLR
_j37.61.9.22
852 _aNLR
_bМф
_jК1/19831
899 _aRuMoRGB
_jB 55/485
899 _aБАН
899 _aНБ МГУ
899 _aRuMoRGB
_jW 173/417
942 _cBOOK
980 _aNB